00491 2200169 4500001002100000005001500021035002000036007000300056008004100059082001100100084001700111100002600128245005800154260005500212300004300267650001100310INLIS00000000000112020250109084329 a0010-0125000003ta250109 g 0 ind  a634.77 a634.77 ETT b0 aEtty Riana Yuliastuti1 aBuku Pedoman Budidaya Pisang /cEtty Riana Yuliastuti aJakarta :bDIREKTORAT BUAH DAN FLORIKULTURA,c2020 avii, 35 hlm, :bilus, ;c15 cm x 21 cm 4aPisang